|
|
|
|
| LEADER |
00000nam a2200000 a 4500 |
| 001 |
vtls010198890 |
| 003 |
SK-MaSNL |
| 005 |
20260301031328.0 |
| 008 |
180809s2010 xo a b 000 j slo |
| 015 |
|
|
|a SNBA2011/03-01234
|
| 020 |
|
|
|a 9788089251681
|q (viaz.)
|
| 040 |
|
|
|a SNK
|b slo
|c SNK
|e AACR2
|
| 041 |
1 |
|
|a slo
|h spa
|
| 044 |
|
|
|a xo
|c SK
|
| 072 |
|
7 |
|a 821-93
|x Literatúra pre deti a mládež (beletria)
|2 konspekt
|
| 080 |
|
|
|a 821(100)-34
|2 2001
|
| 080 |
|
|
|a 821-93
|2 2001
|
| 130 |
0 |
|
|a Hadas y princesas de cuento
|l Slovensky
|9 326627
|
| 245 |
0 |
0 |
|a Rozprávky o vílach a princeznách
|c [zo španielskeho originálu preložila Ľubica Jakušová]
|
| 250 |
|
|
|a 1. vyd.
|
| 260 |
|
|
|a Bratislava
|b Viktória print
|c [2010]
|
| 300 |
|
|
|a 397 s.
|b fareb. ilustr.
|c 17 cm
|
| 655 |
|
7 |
|a svetové rozprávky
|2 SNKPH
|9 277435
|
| 655 |
|
7 |
|a publikácie pre deti
|2 SNKPH
|9 70148
|
| 655 |
|
7 |
|a Fairy tales
|2 SNKPHeng
|9 265887
|
| 655 |
|
7 |
|a Children's literature
|2 SNKPHeng
|9 276039
|
| 700 |
1 |
|
|a Jakušová, Ľubica,
|d 1958-
|4 trl
|9 201180
|
| 919 |
|
|
|a 978-80-89251-68-1
|
| 958 |
|
|
|a UP
|
| 958 |
|
|
|a LX
|
| 958 |
|
|
|a DB
|
| 968 |
|
|
|b ESP
|d 821
|
| 999 |
|
|
|c 576413
|d 578343
|
| 952 |
|
|
|a SNK
|b SNK
|y PREZ
|7 0
|p 17A0682870
|o snkSD 79760
|i snk2010/27967
|8 0
|0 0
|1 0
|4 0
|d 2010-12-17
|l 0
|r 2025-11-27 00:00:00
|w 2026-02-23
|
| 952 |
|
|
|a SNK
|b SNK
|y VYP
|7 0
|p 17A0682869
|o snkSD 79760 D1
|i snk2010/27968
|8 0
|0 0
|1 0
|4 0
|d 2010-12-17
|l 0
|r 2017-06-30 00:00:00
|w 2026-02-23
|